¿ Agroindustria en la Amazonía?: (Registro nro. 20577)
[ vista simple ]
| 000 -CABECERA | |
|---|---|
| Campo de control | 00757nam a22002297a 4500 |
| 005 - FECHA Y HORA DE LA ULTIMA TRANSACCION | |
| Campo de control | 20191217042739.0 |
| 008 - ELEMENTOS DE LONGITUD FIJA—INFORMACION GENERAL | |
| Campo de control | 191108b xxu||||| |||| 00| 0 spa d |
| 020 ## - ISBN | |
| ISBN | 9789972615948 |
| 040 ## - FUENTE DE CATALOGACIÓN | |
| Agencia catalogadora original | CO-BoIAVH |
| Agencia transcriptora | CO-BoIAVH |
| 041 ## - IDIOMA | |
| Código de idioma para texto/pista de sonido o título separado | Español |
| 044 ## - PAÍS DE PUBLICACIÓN | |
| País de publicación | Colombia |
| 082 ## - NUMERO DE CLASIFICACION DECIMAL DEWEY | |
| Número de clasificación | 633.851 |
| Número del ítem | F73a |
| 100 ## - ASIENTO PRINCIPAL--NOMBRE PERSONAL | |
| 9 (RLIN) | 101957 |
| Nombre personal | Fort, Ricardo |
| 245 10 - MENCION DE TITULO | |
| Título | ¿ Agroindustria en la Amazonía?: |
| Parte restante del título | posibilidades para el desarrollo inclusivo y sostenible de la palma aceitera en el perú |
| 260 ## - PUBLICACION, DISTRIBUCION, ETC. (PIE DE IMPRENTA) | |
| Lugar de publicación, distribución, etc. | Lima: |
| Nombre del editor, distribuidor, etc. | Grade, |
| Fecha de publicación, distribución, etc. | 2016. |
| 300 ## - DESCRIPCION FISICA | |
| Extensión | 224 páginas |
| Otros detalles físicos | tablas, gráficos |
| Dimensiones | 23 x 15cm |
| 650 #0 - ASIENTO SECUNDARIO DE MATERIA - TERMINO TEMATICO | |
| 9 (RLIN) | 80102 |
| Término temático o nombre geográfico como elemento de entrada | Aceite de palma |
| Subdivisión general | Industria y comercio |
| 650 #0 - ASIENTO SECUNDARIO DE MATERIA - TERMINO TEMATICO | |
| Término temático o nombre geográfico como elemento de entrada | Cadena de valor |
| 9 (RLIN) | 5267 |
| 650 #0 - ASIENTO SECUNDARIO DE MATERIA - TERMINO TEMATICO | |
| 9 (RLIN) | 30644 |
| Término temático o nombre geográfico como elemento de entrada | Cultivo de palma |
| 700 ## - ASIENTO SECUNDARIO - NOMBRE PERSONAL | |
| 9 (RLIN) | 32602 |
| Nombre personal | Borasino, Elena |
| 942 ## - ELEMENTOS ADICIONALES (KOHA) | |
| Sistema de clasificación | Dewey Decimal Classification |
| Tipo de ítem | Libro |
| Withdrawn status | Lost status | Sistema de Clasificación | Damaged status | No para préstamo | Colección | Ubicación Permanente | Ubicación actual | Fecha de adquisición | Total Checkouts | Número topográfico | Inventario / Código de Barras | Date last seen | Ejemplar | Price effective from | Forma de adquisición | Tipo de material |
|---|---|---|---|---|---|---|---|---|---|---|---|---|---|---|---|---|
| Dewey Decimal Classification | General | Bogotá | Bogotá | 08/11/2019 | LB-633.851 F73a | 043759 | 08/11/2019 | Ej. 1 | 08/11/2019 | Donación | Libro |